000 00480nam a2200193Ia 4500
008 151121s9999||||xx |||||||||||||| ||und||
082 _a821/Fit
082 _bHNW-1107
100 _aFitzgerald Edward
245 _aRunaiyat of omar khayyam
260 _bBook inc new york
260 _c--
300 _a255
600 _aFitzgerald Edward
630 _aRunaiyat of omar khayyam
700 _aFitzgerald Edward
730 _aRunaiyat of omar khayyam
942 _cBOOK
999 _c1210344
_d1210341